Statistics for Books to Authors #4

Click here to take the quiz!

General Stats

  • This quiz has been taken 208 times
  • The average score is 8 of 14

Answer Stats

BookAuthor% Correct
HamletWilliam Shakespeare
98%
The ShiningStephen King
89%
Catcher in the RyeJ.D. Salinger
84%
Lord of the FliesWilliam Golding
79%
Brave New WorldAldous Huxley
74%
On the RoadJack Kerouac
70%
Love In The Time Of CholeraGabriel Garcia Marquez
55%
The Girl With the Dragon TattooStieg Larsson
54%
The Age of InnocenceEdith Wharton
46%
FountainheadAyn Rand
44%
Song of SolomonToni Morrison
27%
The Secret HistoryDonna Tart
26%
The Left Hand of DarknessUrsula K.Le Guinn
23%
The Magician of LublinIsaac Bashevis Singer
6%

Score Distribution

Percentile by Number Answered

Percent of People with Each Score

Your Score History

You have not taken this quiz